| 000 | 00561nam a22001937a 4500 | ||
|---|---|---|---|
| 003 | OSt | ||
| 005 | 20250812121636.0 | ||
| 008 | 250812b |||||||| |||| 00| 0 eng d | ||
| 020 | _a0256078793 | ||
| 040 | _cChuka University Library. | ||
| 050 | _aHD 62.5 .T55 1990 | ||
| 100 |
_aTimmons, Jeffrey _921235 |
||
| 245 | _aNew venture creation: Enterpreneurship in the 1990s. | ||
| 250 | _a3rd ed | ||
| 260 |
_aBoston, USA _bHome wood, IL _c1990 |
||
| 300 | _a677p | ||
| 650 |
_a1. New business enterprises--handbooks, manuals etc. _921236 |
||
| 942 |
_2lcc _cBK _n0 |
||
| 999 |
_c20361 _d20361 |
||